|
|
|
|
| LEADER |
00000nam a2200000Ia 4500 |
| 008 |
170511b2011 pe ||||| |||| 00| 0 spa d |
| 999 |
|
|
|c 701
|d 701
|
| 020 |
|
|
|a 9789972235313
|
| 090 |
|
|
|a 06.02.01
|b 2137
|
| 100 |
1 |
|
|a Iguiñiz Echeverría, Manuel
|9 2723
|
| 245 |
1 |
3 |
|a La educación de los ciudadanos: política educativa en Lima Metropolitana /
|c Manuel Iguiñiz, Arturo Miranda
|
| 260 |
|
|
|a Lima, Perú :
|b Tarea asociación de publicaciones educativas,
|c 2011
|
| 300 |
|
|
|a 201 páginas
|
| 650 |
1 |
4 |
|a EDUCACIÓN
|9 1
|
| 650 |
1 |
4 |
|a SOCIEDAD
|9 396
|
| 650 |
1 |
4 |
|a ESTRUCTURA SOCIAL
|9 2724
|
| 650 |
1 |
4 |
|a POLÍTICA EDUCATIVA
|9 451
|
| 651 |
|
4 |
|a PERÚ
|9 1736
|
| 700 |
1 |
|
|a Miranda Blanco, Arturo
|9 2725
|
| 942 |
|
|
|i 003131
|h 06.02.01 2137
|2 z
|c 01
|